| 000 | 00695nam a2200241 a 4500 | ||
|---|---|---|---|
| 001 | 11886 | ||
| 003 | BD-RjUL | ||
| 005 | 20211208235211.0 | ||
| 008 | 140127s1987 enkaf b 001 0 eng | ||
| 020 | _a0070841659 (pbk.) | ||
| 035 | _a(BD-RjUL)11935 | ||
| 040 |
_aDLC _cDLC _dDLC _dBD-RjUL _beng |
||
| 041 | _aeng | ||
| 082 | 0 | 0 |
_223 _a572 _bPLI 1987 |
| 100 | 1 |
_aPlummer, David T. _936840 |
|
| 245 | 1 | 3 |
_aAn introduction to practical biochemistry / _cDavid T. Plummer. |
| 250 | _a3rd ed. | ||
| 260 |
_aLondon ; _aNew York : _bMcGraw-Hill, _cc1987. |
||
| 300 |
_axx, 332 p. : _bill. ; _c25 cm. |
||
| 504 | _aIncludes bibliographies and index. | ||
| 650 | 0 |
_aBiochemistry _936841 |
|
| 942 |
_2ddc _cBK |
||
| 999 |
_c11886 _d11886 |
||